000 00479nam a2200181Ia 4500
001 1324
005 20260306143720.0
008 260306t1996||||xx |||||||||||||| ||spa||
041 _aESP
082 _a194
_bB64
100 _aBlondel, Maurice
_eAUT
245 0 _aLa acción 1893:
_bensayo de una crítica de la vida y de una ciencia de la práctica
260 _c1996
300 _alxxi, 546 páginas :
_c20 cm.
650 _aGEN
654 _aCHU
942 _cLIB
_dJUS
_fJUS
_2ddc
_n
999 _c1324
_d1324